Tarts and Muggers: Poems new and selected

Zapisane w:
Opis bibliograficzny
1. autor: Musgrave, Susan
Format: Książka
Język:English
Wydane: Toronto, Canadá Mc Clelland and Stewart Ltd. 1982
Hasła przedmiotowe:
Etykiety: Dodaj etykietę
Nie ma etykietki, Dołącz pierwszą etykiete!

MARC

LEADER 00000nam a2200000Ia 4500
008 170316s9999 xx 000 0 eng d
040 |a cru BVZT 
090 |a 818 M-26t 
100 |a Musgrave, Susan 
245 |a Tarts and Muggers: Poems new and selected 
260 |a Toronto, Canadá 
260 |b Mc Clelland and Stewart Ltd. 
260 |c 1982 
300 |a 137páginas 
650 |a LITERATURA CANADIENSE 
999 |c 6571  |d 6571 
942 |c 15 D  |h 818 M-26t  |2 z